00774nam a2200241 a 450000100060000000300080000600500170001400800410003102000150007203500190008704000260010604100080013208200310014010000460017124501050021726000340032230000230035650000430037965000450042265000290046765000210049670000150051714524BD-RJUL20211208235638.0140206s1990 enk 000 0 eng d a0719533198 a(BD-RJUL)14577 aBD-RjULbengcBD-RjUL aeng a582.13480222bCLA 19902221 aClegg, C. J.q(Christopher James),d1938-10aAnatomy and activities of plants :ba guide to the study of flowering plants /cC.J. Clegg, Gene Cox aLondon :bJohn Murray,c1990. a64, [2] p ;c30 cm aIncludes bibliography (p.3) and index. 0aPlant cells and tissuesxPictorial works 0aFlowersvPictorial works 0aPlant physiology1 aCox, Gene.